[Event "Team Championship (men blitz)"]
[Site "Sochi"]
[Date "2017.10.05"]
[Round "13.14"]
[White "Alekseev, Evgeny"]
[Black "Murzin, Volodar"]
[Result "1-0"]
[LiveChessVersion "1.4.8"]
[BlackElo "2268"]
[WhiteElo "2636"]

1. e4 {[%clk 0:03:03]} c5 {[%clk 0:03:03]} 2. Nf3 {[%clk 0:03:04]} d6
{[%clk 0:03:04]} 3. d4 {[%clk 0:03:06]} cxd4 {[%clk 0:03:05]} 4. Qxd4
{[%clk 0:03:07]} a6 {[%clk 0:03:07]} 5. h3 {[%clk 0:03:07]} Nc6 {[%clk 0:03:06]}
6. Qe3 {[%clk 0:03:08]} g6 {[%clk 0:03:06]} 7. Be2 {[%clk 0:03:09]} Nf6
{[%clk 0:03:03]} 8. O-O {[%clk 0:03:08]} Bg7 {[%clk 0:03:04]} 9. c4
{[%clk 0:03:03]} O-O {[%clk 0:03:03]} 10. Nc3 {[%clk 0:03:04]} Nd7
{[%clk 0:03:00]} 11. b3 {[%clk 0:02:59]} Nc5 {[%clk 0:02:58]} 12. Bb2
{[%clk 0:02:57]} a5 {[%clk 0:02:53]} 13. Rab1 {[%clk 0:02:48]} f5
{[%clk 0:02:51]} 14. exf5 {[%clk 0:02:45]} Bxf5 {[%clk 0:02:52]} 15. Rbd1
{[%clk 0:02:46]} Rc8 {[%clk 0:02:14]} 16. Rd2 {[%clk 0:02:42]} Nb4
{[%clk 0:01:57]} 17. Nd4 {[%clk 0:02:25]} Bd7 {[%clk 0:01:42]} 18. Re1
{[%clk 0:01:58]} Nc6 {[%clk 0:00:56]} 19. Nd5 {[%clk 0:01:51]} e5
{[%clk 0:00:31]} 20. Nf3 {[%clk 0:01:40]} Bf5 {[%clk 0:00:29]} 21. Bf1
{[%clk 0:01:18]} h6 {[%clk 0:00:24]} 22. Rdd1 {[%clk 0:01:05]} Kh7
{[%clk 0:00:25]} 23. Nc3 {[%clk 0:00:51]} Nd4 {[%clk 0:00:16]} 24. Nxd4
{[%clk 0:00:49]} exd4 {[%clk 0:00:17]} 25. Rxd4 {[%clk 0:00:50]} Bxd4
{[%clk 0:00:07]} 26. Qxd4 {[%clk 0:00:51]} Rf7 {[%clk 0:00:07]} 27. Nd5
{[%clk 0:00:48]} Ne6 {[%clk 0:00:04]} 28. Qc3 {[%clk 0:00:45]} h5
{[%clk 0:00:06]} 29. Bd3 {[%clk 0:00:33]} Bxd3 {[%clk 0:00:05]} 30. Rxe6
{[%clk 0:00:34]} Bf5 {[%clk 0:00:04]} 31. Nf6+ {[%clk 0:00:29]} Rxf6
{[%clk 0:00:06]} 32. Rxf6 {[%clk 0:00:29]} Qe7 {[%clk 0:00:07]} 33. Rxd6
{[%clk 0:00:22]} b5 {[%clk 0:00:06]} 34. Qd4 {[%clk 0:00:16]} bxc4
{[%clk 0:00:07]} 35. bxc4 {[%clk 0:00:18]} Rb8 {[%clk 0:00:07]} 36. c5
{[%clk 0:00:18]} Rb4 {[%clk 0:00:05]} 37. Qh8# {[%clk 0:00:19]} 1-0

[Event "Team Championship (men blitz)"]
[Site "Sochi"]
[Date "2017.10.05"]
[Round "13.15"]
[White "Poliakov, Artem"]
[Black "Levin, Evgeny A."]
[Result "0-1"]
[LiveChessVersion "1.4.8"]
[BlackElo "2546"]
[WhiteElo "2185"]

1. c4 {[%clk 0:03:03]} g6 {[%clk 0:03:02]} 2. Nc3 {[%clk 0:03:04]} Bg7
{[%clk 0:03:04]} 3. d4 {[%clk 0:03:05]} d6 {[%clk 0:03:05]} 4. e4
{[%clk 0:03:06]} Nf6 {[%clk 0:03:06]} 5. h3 {[%clk 0:03:07]} O-O {[%clk 0:03:06]}
6. Nf3 {[%clk 0:03:08]} Na6 {[%clk 0:02:59]} 7. Be3 {[%clk 0:03:01]} e5
{[%clk 0:02:59]} 8. d5 {[%clk 0:03:02]} Kh8 {[%clk 0:02:49]} 9. g4
{[%clk 0:03:01]} Ng8 {[%clk 0:02:48]} 10. Rg1 {[%clk 0:03:01]} Nc5
{[%clk 0:02:41]} 11. b4 {[%clk 0:02:50]} Nd7 {[%clk 0:02:42]} 12. a3
{[%clk 0:02:44]} a5 {[%clk 0:02:42]} 13. Rb1 {[%clk 0:02:43]} axb4
{[%clk 0:02:43]} 14. axb4 {[%clk 0:02:44]} Qe7 {[%clk 0:02:38]} 15. Bd3
{[%clk 0:02:40]} Bh6 {[%clk 0:02:27]} 16. g5 {[%clk 0:02:25]} Bg7
{[%clk 0:02:28]} 17. h4 {[%clk 0:02:25]} f5 {[%clk 0:02:26]} 18. h5
{[%clk 0:02:23]} gxh5 {[%clk 0:01:37]} 19. Nh4 {[%clk 0:01:26]} f4
{[%clk 0:01:38]} 20. Bd2 {[%clk 0:01:07]} f3 {[%clk 0:01:10]} 21. Nxf3
{[%clk 0:00:49]} Qf7 {[%clk 0:01:05]} 22. Be2 {[%clk 0:00:27]} Ne7
{[%clk 0:01:06]} 23. g6 {[%clk 0:00:22]} Nxg6 {[%clk 0:01:03]} 24. Be3
{[%clk 0:00:23]} Nf6 {[%clk 0:00:59]} 25. Ng5 {[%clk 0:00:24]} Qe7
{[%clk 0:00:51]} 26. Bxh5 {[%clk 0:00:24]} Nf4 {[%clk 0:00:49]} 27. Bf3
{[%clk 0:00:11]} Bh6 {[%clk 0:00:48]} 28. Ne6 {[%clk 0:00:07]} Bxe6
{[%clk 0:00:47]} 29. dxe6 {[%clk 0:00:07]} Rg8 {[%clk 0:00:47]} 30. Rh1
{[%clk 0:00:05]} Qxe6 {[%clk 0:00:43]} 31. Nd5 {[%clk 0:00:04]} N6xd5
{[%clk 0:00:38]} 32. cxd5 {[%clk 0:00:05]} Qf6 {[%clk 0:00:38]} 33. Kd2
{[%clk 0:00:05]} Ra2+ {[%clk 0:00:39]} 34. Kc3 {[%clk 0:00:06]} c6
{[%clk 0:00:30]} 35. Kb3 {[%clk 0:00:06]} Rga8 {[%clk 0:00:29]} 36. Bc1
{[%clk 0:00:05]} Rxf2 {[%clk 0:00:21]} 37. Bg4 {[%clk 0:00:05]} Rg2
{[%clk 0:00:17]} 38. Bf5 {[%clk 0:00:06]} Rg3+ {[%clk 0:00:18]} 39. Kb2
{[%clk 0:00:05]} cxd5 {[%clk 0:00:18]} 40. Bxf4 {[%clk 0:00:04]} exf4+
{[%clk 0:00:17]} 41. Kc1 {[%clk 0:00:05]} Rc3+ {[%clk 0:00:13]} 42. Kd2
{[%clk 0:00:05]} Qd4+ {[%clk 0:00:11]} 43. Ke1 {[%clk 0:00:05]} Qe3+
{[%clk 0:00:07]} 44. Qe2 {[%clk 0:00:05]} Rc1+ {[%clk 0:00:08]} 45. Rxc1
{[%clk 0:00:06]} Qxc1+ {[%clk 0:00:09]} 46. Qd1 {[%clk 0:00:07]} Qxd1+
{[%clk 0:00:09]} 47. Kxd1 {[%clk 0:00:08]} Ra1+ {[%clk 0:00:10]} 48. Ke2
{[%clk 0:00:10]} Rxh1 {[%clk 0:00:11]} 0-1

[Event "Team Championship (men blitz)"]
[Site "Sochi"]
[Date "2017.10.05"]
[Round "13.16"]
[White "Usmanov, Vasily"]
[Black "Maltsevskaya, Aleksandra"]
[Result "1-0"]
[LiveChessVersion "1.4.8"]
[BlackElo "2203"]
[WhiteElo "2441"]

1. d4 {[%clk 0:03:02]} Nf6 {[%clk 0:03:03]} 2. c4 {[%clk 0:03:03]} g6
{[%clk 0:03:04]} 3. Nc3 {[%clk 0:03:04]} Bg7 {[%clk 0:03:05]} 4. Nf3
{[%clk 0:03:04]} O-O 5. h3 d6 {[%clk 0:03:06]} 6. Bf4 {[%clk 0:03:06]} b6
{[%clk 0:03:06]} 7. e3 {[%clk 0:03:08]} Bb7 {[%clk 0:03:07]} 8. Be2
{[%clk 0:03:07]} Nbd7 {[%clk 0:03:08]} 9. O-O {[%clk 0:03:07]} Ne4
{[%clk 0:03:07]} 10. Nxe4 {[%clk 0:03:05]} Bxe4 {[%clk 0:03:08]} 11. Nd2
{[%clk 0:03:02]} Bb7 {[%clk 0:03:09]} 12. Qc2 {[%clk 0:02:52]} e5
{[%clk 0:03:09]} 13. dxe5 {[%clk 0:02:53]} dxe5 {[%clk 0:03:09]} 14. Bh2
{[%clk 0:02:53]} Nc5 {[%clk 0:02:45]} 15. Rad1 {[%clk 0:02:49]} Qe7
{[%clk 0:02:41]} 16. b4 {[%clk 0:02:33]} Ne6 {[%clk 0:02:36]} 17. a3
{[%clk 0:02:34]} Rad8 {[%clk 0:02:13]} 18. Bf3 {[%clk 0:02:30]} Bxf3
{[%clk 0:02:12]} 19. Nxf3 {[%clk 0:02:31]} Ng5 {[%clk 0:01:53]} 20. Nxg5
{[%clk 0:02:27]} Qxg5 {[%clk 0:01:51]} 21. Qe4 {[%clk 0:02:23]} Qe7
{[%clk 0:01:15]} 22. Qc6 {[%clk 0:02:04]} Rxd1 {[%clk 0:00:56]} 23. Rxd1
{[%clk 0:02:05]} Rd8 {[%clk 0:00:56]} 24. Rd5 {[%clk 0:02:03]} h5
{[%clk 0:00:42]} 25. Kf1 {[%clk 0:01:50]} Rxd5 {[%clk 0:00:34]} 26. cxd5
{[%clk 0:01:50]} a5 {[%clk 0:00:26]} 27. bxa5 {[%clk 0:01:38]} bxa5
{[%clk 0:00:25]} 28. Qa8+ {[%clk 0:01:38]} Kh7 {[%clk 0:00:27]} 29. Qxa5
{[%clk 0:01:37]} Qd7 {[%clk 0:00:15]} 30. Ke2 {[%clk 0:01:29]} c6
{[%clk 0:00:13]} 31. e4 {[%clk 0:01:26]} Qb7 {[%clk 0:00:13]} 32. Qd2
{[%clk 0:01:22]} Qb5+ {[%clk 0:00:13]} 33. Qd3 {[%clk 0:01:23]} Qb2+
{[%clk 0:00:13]} 34. Kf3 {[%clk 0:01:16]} cxd5 {[%clk 0:00:11]} 35. Qxd5
{[%clk 0:00:50]} Qxa3+ {[%clk 0:00:12]} 36. Ke2 {[%clk 0:00:51]} Qb2+
{[%clk 0:00:11]} 37. Qd2 {[%clk 0:00:52]} Qb5+ {[%clk 0:00:11]} 38. Qd3
{[%clk 0:00:53]} Qa4 {[%clk 0:00:08]} 39. g4 {[%clk 0:00:49]} hxg4
{[%clk 0:00:08]} 40. hxg4 {[%clk 0:00:51]} Qa2+ {[%clk 0:00:08]} 41. Kf3
{[%clk 0:00:52]} Qa1 {[%clk 0:00:08]} 42. Kg2 {[%clk 0:00:53]} Qa4
{[%clk 0:00:07]} 43. Bg3 {[%clk 0:00:52]} Qa6 {[%clk 0:00:07]} 44. Qxa6
{[%clk 0:00:52]} 1-0

[Event "Team Championship (men blitz)"]
[Site "Sochi"]
[Date "2017.10.05"]
[Round "13.17"]
[White "Kezin, Roman"]
[Black "Rakhmanov, Aleksandr"]
[Result "0-1"]
[LiveChessVersion "1.4.8"]
[BlackElo "2600"]
[WhiteElo "2514"]

1. d4 {[%clk 0:03:03]} Nf6 {[%clk 0:03:03]} 2. c4 {[%clk 0:03:04]} d6
{[%clk 0:03:05]} 3. Nf3 {[%clk 0:03:04]} g6 {[%clk 0:03:06]} 4. Nc3
{[%clk 0:03:05]} Bf5 {[%clk 0:03:07]} 5. Qb3 {[%clk 0:03:05]} b6 {[%clk 0:03:08]}
6. e4 {[%clk 0:02:49]} Nxe4 {[%clk 0:02:55]} 7. g4 {[%clk 0:02:50]} Nxc3
{[%clk 0:02:47]} 8. gxf5 {[%clk 0:02:51]} Ne4 {[%clk 0:02:47]} 9. Bg2
{[%clk 0:02:28]} c6 {[%clk 0:02:47]} 10. Ng5 {[%clk 0:01:58]} Nf6
{[%clk 0:02:10]} 11. Bf4 {[%clk 0:01:47]} Bg7 {[%clk 0:02:09]} 12. O-O-O
{[%clk 0:01:46]} h6 {[%clk 0:01:38]} 13. Nf3 {[%clk 0:01:34]} g5 {[%clk 0:01:39]}
14. Be3 {[%clk 0:01:33]} Nbd7 {[%clk 0:01:29]} 15. h4 {[%clk 0:01:25]} g4
{[%clk 0:01:30]} 16. Ne5 {[%clk 0:01:26]} dxe5 {[%clk 0:01:25]} 17. dxe5
{[%clk 0:01:27]} Qc7 {[%clk 0:01:19]} 18. exf6 {[%clk 0:01:24]} Bxf6
{[%clk 0:01:13]} 19. Qa4 {[%clk 0:01:13]} Rc8 {[%clk 0:01:06]} 20. Rd2
{[%clk 0:00:46]} Nc5 {[%clk 0:01:05]} 21. Qd1 {[%clk 0:00:35]} h5
{[%clk 0:01:02]} 22. Qe2 {[%clk 0:00:18]} a5 {[%clk 0:01:02]} 23. Rhd1
{[%clk 0:00:16]} a4 {[%clk 0:01:00]} 24. Bg5 {[%clk 0:00:13]} Kf8
{[%clk 0:00:56]} 25. f3 {[%clk 0:00:12]} g3 {[%clk 0:00:40]} 26. Qe3
{[%clk 0:00:13]} Kg7 {[%clk 0:00:17]} 27. f4 {[%clk 0:00:14]} Ra8
{[%clk 0:00:15]} 28. Qxg3 {[%clk 0:00:15]} Kf8 {[%clk 0:00:16]} 29. Bxf6
{[%clk 0:00:13]} exf6 {[%clk 0:00:17]} 30. Rd6 {[%clk 0:00:15]} Qe7
{[%clk 0:00:10]} 31. Rxc6 {[%clk 0:00:11]} a3 {[%clk 0:00:09]} 32. Rxc5
{[%clk 0:00:10]} axb2+ {[%clk 0:00:08]} 33. Kb1 {[%clk 0:00:12]} Rg8
{[%clk 0:00:07]} 34. Qf2 {[%clk 0:00:12]} Qxc5 {[%clk 0:00:07]} 35. Bxa8
{[%clk 0:00:13]} Qxf2 {[%clk 0:00:08]} 0-1

[Event "Team Championship (men blitz)"]
[Site "Sochi"]
[Date "2017.10.05"]
[Round "13.18"]
[White "Rozum, Ivan"]
[Black "Antonenko, Vladimir"]
[Result "1-0"]
[LiveChessVersion "1.4.8"]
[BlackElo "2423"]
[WhiteElo "2553"]

1. c4 {[%clk 0:03:03]} f5 {[%clk 0:03:02]} 2. g3 {[%clk 0:03:03]} Nf6
{[%clk 0:03:03]} 3. Bg2 {[%clk 0:03:04]} g6 {[%clk 0:03:05]} 4. Nc3
{[%clk 0:03:05]} Bg7 {[%clk 0:03:06]} 5. d4 {[%clk 0:03:04]} O-O {[%clk 0:03:06]}
6. Nh3 {[%clk 0:03:05]} d6 {[%clk 0:03:06]} 7. Nf4 {[%clk 0:03:05]} c6
{[%clk 0:03:03]} 8. d5 {[%clk 0:03:05]} e5 {[%clk 0:03:00]} 9. dxe6
{[%clk 0:03:05]} Na6 {[%clk 0:03:01]} 10. h4 {[%clk 0:03:00]} Nc5
{[%clk 0:02:54]} 11. h5 {[%clk 0:03:01]} g5 {[%clk 0:02:55]} 12. h6
{[%clk 0:03:01]} Bh8 {[%clk 0:02:56]} 13. Nh5 {[%clk 0:02:33]} Ng4
{[%clk 0:02:33]} 14. Ng7 {[%clk 0:01:51]} Nxe6 {[%clk 0:02:22]} 15. Qd2
{[%clk 0:01:37]} Bxg7 {[%clk 0:01:57]} 16. hxg7 {[%clk 0:01:38]} Kxg7
{[%clk 0:01:58]} 17. b3 {[%clk 0:01:36]} h6 {[%clk 0:01:06]} 18. Bb2
{[%clk 0:01:37]} Nf6 {[%clk 0:01:07]} 19. O-O-O {[%clk 0:01:37]} Qe7
{[%clk 0:00:35]} 20. f4 {[%clk 0:01:38]} gxf4 {[%clk 0:00:21]} 21. gxf4
{[%clk 0:01:39]} Ng4 {[%clk 0:00:21]} 22. Nd5+ {[%clk 0:01:39]} Qd8 1-0

[Event "Team Championship (men blitz)"]
[Site "Sochi"]
[Date "2017.10.05"]
[Round "13.19"]
[White "Gubsky, Egor"]
[Black "Moiseenko, Vadim"]
[Result "0-1"]
[LiveChessVersion "1.4.8"]
[BlackElo "2497"]
[WhiteElo "2369"]

1. d4 {[%clk 0:03:03]} Nf6 2. c4 b6 {[%clk 0:03:05]} 3. d5 {[%clk 0:03:06]} e6
{[%clk 0:03:03]} 4. a3 {[%clk 0:03:06]} Bd6 {[%clk 0:03:03]} 5. Nc3
{[%clk 0:03:06]} Be5 {[%clk 0:03:03]} 6. g3 {[%clk 0:03:03]} Bb7 {[%clk 0:03:04]}
7. Bg2 {[%clk 0:03:04]} O-O {[%clk 0:03:03]} 8. Nh3 {[%clk 0:03:04]} Bxc3+
{[%clk 0:03:01]} 9. bxc3 {[%clk 0:03:05]} d6 {[%clk 0:02:58]} 10. O-O
{[%clk 0:03:02]} e5 {[%clk 0:02:38]} 11. f4 {[%clk 0:03:02]} Nfd7
{[%clk 0:02:34]} 12. e4 {[%clk 0:02:58]} Na6 {[%clk 0:02:31]} 13. Qh5
{[%clk 0:02:55]} f6 {[%clk 0:02:27]} 14. f5 {[%clk 0:02:44]} Nac5
{[%clk 0:02:25]} 15. g4 {[%clk 0:02:45]} Qe8 {[%clk 0:02:14]} 16. Qh4
{[%clk 0:02:43]} h6 {[%clk 0:02:05]} 17. Rb1 {[%clk 0:02:17]} a5 {[%clk 0:02:04]}
18. Kh1 {[%clk 0:02:06]} Ba6 {[%clk 0:02:06]} 19. Rg1 {[%clk 0:01:55]} Bxc4
{[%clk 0:02:06]} 20. Nf2 {[%clk 0:01:44]} Nd3 {[%clk 0:01:59]} 21. Nxd3
{[%clk 0:01:40]} Bxd3 {[%clk 0:02:00]} 22. Rb2 {[%clk 0:01:41]} Nc5
{[%clk 0:02:02]} 23. Re1 {[%clk 0:01:15]} Qa4 {[%clk 0:02:00]} 24. Re3
{[%clk 0:00:45]} Bxe4 {[%clk 0:01:51]} 25. Bxe4 {[%clk 0:00:40]} Nxe4
{[%clk 0:01:49]} 26. g5 {[%clk 0:00:25]} Qd1+ {[%clk 0:01:45]} 27. Re1
{[%clk 0:00:18]} Qf3+ {[%clk 0:01:46]} 28. Rg2 {[%clk 0:00:19]} fxg5
{[%clk 0:01:45]} 29. Qxe4 {[%clk 0:00:19]} Qxe4 {[%clk 0:01:45]} 30. Rxe4
{[%clk 0:00:21]} Rxf5 {[%clk 0:01:46]} 31. h4 {[%clk 0:00:19]} Rf1+
{[%clk 0:01:36]} 32. Rg1 {[%clk 0:00:19]} Rxg1+ {[%clk 0:01:36]} 33. Kxg1
{[%clk 0:00:21]} gxh4 {[%clk 0:01:37]} 34. Rxh4 {[%clk 0:00:21]} Rf8
{[%clk 0:01:32]} 35. Kg2 {[%clk 0:00:21]} Rf7 {[%clk 0:01:28]} 36. Rg4
{[%clk 0:00:21]} Kf8 {[%clk 0:01:28]} 37. Rg3 {[%clk 0:00:17]} g5
{[%clk 0:01:20]} 38. Rf3 {[%clk 0:00:15]} Kg7 {[%clk 0:01:22]} 39. Rxf7+
{[%clk 0:00:04]} Kxf7 {[%clk 0:01:23]} 40. Kg3 {[%clk 0:00:05]} Kg6
{[%clk 0:01:24]} 41. c4 {[%clk 0:00:05]} Kf5 {[%clk 0:01:24]} 42. Kf3
{[%clk 0:00:05]} h5 {[%clk 0:01:12]} 43. Be3 {[%clk 0:00:04]} g4+
{[%clk 0:01:12]} 44. Kg3 {[%clk 0:00:05]} Ke4 {[%clk 0:01:13]} 45. Bg5
{[%clk 0:00:04]} Kd3 {[%clk 0:01:14]} 46. Bd8 {[%clk 0:00:04]} Kxc4
{[%clk 0:01:14]} 47. Bxc7 {[%clk 0:00:05]} Kxd5 {[%clk 0:01:13]} 48. a4
{[%clk 0:00:04]} Kc6 {[%clk 0:01:06]} 49. Bd8 {[%clk 0:00:04]} b5
{[%clk 0:01:07]} 50. axb5+ Kxb5 {[%clk 0:01:08]} 51. Bc7 {[%clk 0:00:05]} d5
{[%clk 0:01:00]} 52. Bxe5 {[%clk 0:00:06]} a4 {[%clk 0:01:00]} 53. Kh4
{[%clk 0:00:08]} a3 {[%clk 0:01:00]} 54. Kxh5 {[%clk 0:00:09]} Kc4
{[%clk 0:00:52]} 55. Kxg4 {[%clk 0:00:09]} d4 {[%clk 0:00:53]} 0-1

[Event "Team Championship (men blitz)"]
[Site "Sochi"]
[Date "2017.10.05"]
[Round "13.20"]
[White "Gogolev, Artem"]
[Black "Bublei, Pavel"]
[Result "1-0"]
[LiveChessVersion "1.4.8"]
[BlackElo "2243"]
[WhiteElo "2330"]

1. Nf3 {[%clk 0:03:02]} d5 {[%clk 0:03:00]} 2. c4 {[%clk 0:03:02]} d4
{[%clk 0:03:01]} 3. e3 {[%clk 0:03:00]} c5 {[%clk 0:03:01]} 4. exd4
{[%clk 0:03:01]} cxd4 {[%clk 0:03:01]} 5. d3 {[%clk 0:03:02]} Nf6
{[%clk 0:03:00]} 6. g3 {[%clk 0:03:03]} e5 {[%clk 0:02:58]} 7. Bg2
{[%clk 0:03:02]} Bd6 {[%clk 0:02:58]} 8. O-O {[%clk 0:03:02]} O-O
{[%clk 0:02:57]} 9. a3 {[%clk 0:02:49]} a5 {[%clk 0:02:58]} 10. Bg5
{[%clk 0:02:50]} h6 {[%clk 0:02:51]} 11. Bxf6 {[%clk 0:02:50]} Qxf6
{[%clk 0:02:52]} 12. Re1 {[%clk 0:02:51]} Nc6 {[%clk 0:02:47]} 13. Nbd2
{[%clk 0:02:52]} Qd8 {[%clk 0:02:37]} 14. Qc2 {[%clk 0:02:51]} Bc7
{[%clk 0:02:27]} 15. c5 {[%clk 0:02:46]} Be6 {[%clk 0:02:24]} 16. Nc4
{[%clk 0:02:46]} Qf6 {[%clk 0:01:29]} 17. Nfd2 {[%clk 0:02:42]} Bf5
{[%clk 0:01:19]} 18. Ne4 {[%clk 0:02:26]} Qg6 {[%clk 0:01:20]} 19. Rad1
{[%clk 0:02:12]} Rad8 {[%clk 0:01:16]} 20. Ncd6 {[%clk 0:02:09]} Bxd6
{[%clk 0:01:05]} 21. Nxd6 {[%clk 0:02:10]} Bc8 {[%clk 0:00:55]} 22. Qc4
{[%clk 0:02:04]} Bg4 {[%clk 0:00:32]} 23. Nxb7 {[%clk 0:01:48]} Rb8
{[%clk 0:00:22]} 24. Be4 {[%clk 0:01:29]} Qg5 {[%clk 0:00:20]} 25. Bxc6
{[%clk 0:01:25]} Bxd1 {[%clk 0:00:15]} 26. Rxd1 {[%clk 0:01:26]} Rfc8
{[%clk 0:00:16]} 27. Bf3 {[%clk 0:01:16]} Qf6 {[%clk 0:00:13]} 28. Be4
{[%clk 0:01:12]} Rc7 {[%clk 0:00:08]} 29. c6 {[%clk 0:00:57]} g6 {[%clk 0:00:06]}
30. b4 {[%clk 0:00:54]} axb4 {[%clk 0:00:07]} 31. axb4 {[%clk 0:00:55]} Kg7
{[%clk 0:00:06]} 32. b5 {[%clk 0:00:53]} Rbxb7 {[%clk 0:00:07]} 33. cxb7
{[%clk 0:00:54]} Rxc4 {[%clk 0:00:07]} 34. b8=Q {[%clk 0:00:54]} Rc2
{[%clk 0:00:07]} 35. Rf1 {[%clk 0:00:53]} h5 {[%clk 0:00:08]} 36. Qb7
{[%clk 0:00:45]} h4 {[%clk 0:00:09]} 37. Qd7 {[%clk 0:00:44]} Qg5
{[%clk 0:00:08]} 38. b6 {[%clk 0:00:40]} hxg3 {[%clk 0:00:07]} 39. hxg3
{[%clk 0:00:39]} Rb2 {[%clk 0:00:06]} 40. b7 {[%clk 0:00:39]} Kh6
{[%clk 0:00:07]} 41. Qe8 {[%clk 0:00:31]} 1-0

[Event "Team Championship (men blitz)"]
[Site "Sochi"]
[Date "2017.10.05"]
[Round "13.21"]
[White "Sjugirov, Sanan"]
[Black "Alexeev, Alexey"]
[Result "1/2-1/2"]
[LiveChessVersion "1.4.8"]
[BlackElo "2264"]
[WhiteElo "2637"]

1. d4 {[%clk 0:03:03]} d5 {[%clk 0:03:03]} 2. c4 {[%clk 0:03:04]} e6
{[%clk 0:03:04]} 3. Nf3 {[%clk 0:03:04]} c5 {[%clk 0:03:05]} 4. cxd5
{[%clk 0:03:04]} exd5 {[%clk 0:03:06]} 5. g3 {[%clk 0:03:05]} Nc6
{[%clk 0:03:07]} 6. Bg2 {[%clk 0:03:06]} Nf6 {[%clk 0:03:08]} 7. O-O
{[%clk 0:03:06]} Be7 {[%clk 0:03:09]} 8. Nc3 {[%clk 0:03:07]} O-O
{[%clk 0:03:10]} 9. Bg5 {[%clk 0:03:03]} c4 {[%clk 0:03:10]} 10. Ne5
{[%clk 0:02:54]} Be6 {[%clk 0:03:12]} 11. Nxc6 {[%clk 0:02:51]} bxc6
{[%clk 0:03:13]} 12. b3 {[%clk 0:02:52]} h6 {[%clk 0:03:13]} 13. Bxf6
{[%clk 0:02:43]} Bxf6 {[%clk 0:03:14]} 14. bxc4 {[%clk 0:02:42]} dxc4
{[%clk 0:03:15]} 15. e3 {[%clk 0:02:41]} Qa5 {[%clk 0:03:16]} 16. Qc2
{[%clk 0:02:27]} Rac8 {[%clk 0:03:17]} 17. Rac1 {[%clk 0:02:23]} Be7
{[%clk 0:03:17]} 18. Rfd1 {[%clk 0:02:18]} Ba3 {[%clk 0:02:37]} 19. Rb1
{[%clk 0:02:19]} Bb4 {[%clk 0:02:29]} 20. Ne4 {[%clk 0:02:19]} Rfd8
{[%clk 0:02:20]} 21. Bf1 {[%clk 0:01:31]} c3 {[%clk 0:02:11]} 22. Rbc1
{[%clk 0:01:23]} Qxa2 {[%clk 0:01:54]} 23. Qxa2 {[%clk 0:00:42]} Bxa2
{[%clk 0:01:55]} 24. Nxc3 {[%clk 0:00:44]} Bb3 {[%clk 0:01:55]} 25. Rd3
{[%clk 0:00:44]} a5 {[%clk 0:01:54]} 26. Ne4 {[%clk 0:00:43]} a4 {[%clk 0:01:47]}
27. Be2 {[%clk 0:00:40]} Bd5 {[%clk 0:01:39]} 28. Nc5 {[%clk 0:00:36]} a3
{[%clk 0:01:35]} 29. e4 {[%clk 0:00:33]} Be6 {[%clk 0:00:53]} 30. Nxe6
{[%clk 0:00:34]} fxe6 {[%clk 0:00:54]} 31. Bd1 {[%clk 0:00:36]} c5
{[%clk 0:00:48]} 32. Bb3 {[%clk 0:00:37]} Kf7 {[%clk 0:00:44]} 33. d5
{[%clk 0:00:35]} exd5 {[%clk 0:00:44]} 34. exd5 {[%clk 0:00:35]} Rd6
{[%clk 0:00:40]} 35. Rc4 {[%clk 0:00:34]} Ra8 {[%clk 0:00:38]} 36. Ba2
{[%clk 0:00:34]} Re8 {[%clk 0:00:35]} 37. Re3 {[%clk 0:00:30]} Rxe3
{[%clk 0:00:25]} 38. fxe3 {[%clk 0:00:31]} Kf6 {[%clk 0:00:24]} 39. Re4
{[%clk 0:00:32]} Bc3 {[%clk 0:00:18]} 40. Rc4 {[%clk 0:00:31]} Rxd5
{[%clk 0:00:12]} 41. Rxc3 {[%clk 0:00:14]} Rd1+ {[%clk 0:00:13]} 42. Kf2
{[%clk 0:00:15]} Rd2+ {[%clk 0:00:14]} 43. Kf3 {[%clk 0:00:17]} Rxa2
{[%clk 0:00:15]} 44. Rxc5 {[%clk 0:00:17]} Rxh2 {[%clk 0:00:16]} 45. Ra5
{[%clk 0:00:18]} a2 {[%clk 0:00:17]} 46. e4 {[%clk 0:00:15]} h5 {[%clk 0:00:12]}
47. Kf4 {[%clk 0:00:14]} g5+ {[%clk 0:00:12]} 48. Kf3 {[%clk 0:00:14]} h4
{[%clk 0:00:12]} 49. gxh4 {[%clk 0:00:15]} gxh4 {[%clk 0:00:13]} 50. Kg4
{[%clk 0:00:11]} Ke6 {[%clk 0:00:12]} 51. e5 {[%clk 0:00:08]} h3 {[%clk 0:00:09]}
52. Kg3 {[%clk 0:00:09]} Re2 {[%clk 0:00:10]} 53. Kxh3 {[%clk 0:00:10]} Rxe5
{[%clk 0:00:11]} 54. Rxa2 {[%clk 0:00:11]} Kf5 {[%clk 0:00:11]} 1/2-1/2

[Event "Team Championship (men blitz)"]
[Site "Sochi"]
[Date "2017.10.05"]
[Round "13.22"]
[White "Pervakov, Sergey"]
[Black "Kovalev, Vladislav"]
[Result "0-1"]
[LiveChessVersion "1.4.8"]
[BlackElo "2527"]
[WhiteElo "2137"]

1. e4 {[%clk 0:03:03]} e5 {[%clk 0:03:03]} 2. Nc3 {[%clk 0:03:02]} Nf6
{[%clk 0:03:03]} 3. Bc4 {[%clk 0:03:02]} Nxe4 {[%clk 0:03:00]} 4. Qh5
{[%clk 0:02:57]} Nd6 {[%clk 0:03:00]} 5. Qxe5+ {[%clk 0:02:58]} Be7
{[%clk 0:02:51]} 6. Qxg7 {[%clk 0:02:56]} Bf6 {[%clk 0:02:34]} 7. Qg4
{[%clk 0:02:54]} Nc6 {[%clk 0:02:26]} 8. Qe2+ {[%clk 0:02:47]} Kf8
{[%clk 0:01:56]} 9. Nf3 {[%clk 0:02:31]} Kg7 {[%clk 0:01:52]} 10. O-O
{[%clk 0:02:29]} Re8 {[%clk 0:01:53]} 11. Qd1 {[%clk 0:02:30]} Nxc4
{[%clk 0:01:53]} 12. d3 {[%clk 0:02:14]} N4e5 {[%clk 0:01:54]} 13. Bf4
{[%clk 0:02:09]} Ng6 {[%clk 0:01:44]} 14. Bg3 {[%clk 0:01:57]} d6
{[%clk 0:01:36]} 15. h3 {[%clk 0:01:38]} Nd4 {[%clk 0:01:13]} 16. Nxd4
{[%clk 0:01:19]} Bxd4 {[%clk 0:01:14]} 17. Qh5 {[%clk 0:01:07]} Bd7
{[%clk 0:00:58]} 18. Ne4 {[%clk 0:00:59]} f5 {[%clk 0:00:39]} 19. Ng5 h6 20. Nf3
{[%clk 0:00:41]} Bxb2 {[%clk 0:00:32]} 21. Rab1 {[%clk 0:00:40]} Bf6
{[%clk 0:00:21]} 22. Rfe1 {[%clk 0:00:19]} f4 {[%clk 0:00:20]} 23. Bh2
{[%clk 0:00:17]} Bc6 {[%clk 0:00:21]} 24. Nd2 {[%clk 0:00:13]} Rxe1+
{[%clk 0:00:19]} 25. Rxe1 {[%clk 0:00:14]} Bc3 {[%clk 0:00:18]} 26. Re2
{[%clk 0:00:12]} Bxd2 {[%clk 0:00:17]} 27. Rxd2 {[%clk 0:00:13]} Qe7
{[%clk 0:00:18]} 0-1